Politics and structure (Record no. 33681)

MARC details
000 -LEADER
fixed length control field 00454nam a2200193Ia 4500
020 ## - INTERNATIONAL STANDARD BOOK NUMBER
ISBN 0-87872-181-9
050 ## - CALL MARK
Classification number JK274.027
100 ## - STATEMENT OF RESPONSIBILITY--MAIN AUTHOR NAME
Personal name Thomas G. Ingersoll
245 #0 - TITLE STATEMENT
Title Politics and structure
250 ## - EDITION / VOLUME STATEMENT
Edition / Volume statement 2nd ed.
260 ## - PUBLICATION, DISTRIBUTION, ETC. (IMPRINT)
Place of publication Massachusetts
260 ## - PUBLICATION, DISTRIBUTION, ETC. (IMPRINT)
Name of publisher Duxbury Press
260 ## - PUBLICATION, DISTRIBUTION, ETC. (IMPRINT)
Year of publication 1979
300 ## - PHYSICAL DESCRIPTION
Number of Pages 310 p
650 ## - SUBJECT ADDED ENTRY--TOPICAL TERM
Topical Term Politics And Government
942 ## - ADDED ENTRY ELEMENTS (KOHA)
Koha item type Books
Holdings
Withdrawn status Lost status Source of classification or shelving scheme Damaged status Not for loan Permanent Location Current Location Date acquired Accession Number Price effective from Koha item type
    Library of Congress Classification     NILE UNIVERSITY OF NIGERIA - MAIN LIBRARY NILE UNIVERSITY OF NIGERIA - MAIN LIBRARY 04/23/2025 0004535 04/23/2025 Books